000
00247nam a22000977a 4500
020
_a
9789945649543
100
1
_a
Cuba, Dario
_9
19090
245
0
_a
Cuando murió la dignidad
264
_a
Santo Domingo :
_b
Printbarato,
_c
2024.
300
_a
128 Páginas ;
999
_c
58881
_d
58881